| LEADER |
00742nam0a2200193 450 |
| 001 |
16868260 |
| 010 |
|
|
|a 2-221-10617-2
|b Br.
|d 21
|
| 100 |
|
|
|a 20061005d2006 u u0frey01 ba
|
| 101 |
1 |
|
|a fre
|c fre
|
| 102 |
|
|
|a FR
|
| 200 |
0 |
|
|a Nouvelles inquiètes
|f Dino Buzzati
|g trad. de l'italien et préf. Delphine Gachet
|
| 207 |
|
1 |
|a
|
| 215 |
|
|
|a 391 p.
|d 22 x 14 cm
|
| 330 |
|
|
|a Ces quarante-neuf nouvelles, à l'inquiétude et au pessimisme dérangeants, déplacent la frontière entre la réalité et l'imaginaire, la vie et la mort...
|
| 700 |
|
0 |
|a Buzzati
|b Dino
|4 70
|
| 702 |
|
0 |
|a Gachet
|b Delphine
|4 730
|
| 900 |
|
|
|a Roman
|
| 901 |
|
|
|a Adultes
|
| 995 |
|
|
|a Médiathèque
|c Médiathèque
|f 00156005625751
|h 00156005625751
|k R BUZ
|o p
|q a
|r az
|e Médiathèque
|